000 00243nam a22000857a 4500
008 160716b xxu||||| |||| 00| 0 eng d
100 _92963
_a London, J
245 _aThe Call of the Wild/White Fang
260 _aUSA
_bTrident Press International
_c2001
999 _c2527
_d2527